000 00308nam a22001337a 4500
008 171018b xxu||||| |||| 00| 0 eng d
020 _a034668039
041 _aeng
080 _24 ED
_a338
100 _a53
101 _aMEN
245 _aLEGAL ASPECTS MANAGEMENT PROCESS
_cWIESEN.J.L
942 _2udc
_cBK
999 _c34776
_d34776